000
00224nam a2200097Ia 4500
008
240331s9999 xx 000 0 und d
082
_b
ROB
100
_a
Roberts, M
245
0
_a
Exploring confrontation :
_b
Sri Lanka
942
_c
L
999
_c
1377
_d
1377